Największe miasta dolnośląskiego kończące się A-Z - Statystyki

Ogólne statystyki
  • Ten quiz został rozwiązany 20 razy
    13 od ostatniego zresetowania
  • Średni wynik to 10 z 16
Statystyki odpowiedzi
Litera Populacja w przybliżeniu Miasto % Poprawnych
W 670 tys. Wrocław
100%
O 25 tys. Kłodzko
91%
A 90 tys. Legnica
91%
N 70 tys. Lubin
91%
H 100 tys. Wałbrzych
91%
C 40 tys. Bolesławiec
73%
J 9 tys. Kudowa Zdrój
73%
Ń 20 tys. Lubań
73%
R 20 tys. Jawor
64%
I 8 tys. Lwówek Śląski
64%
M 15 tys. Strzegom
64%
Z 10 tys. Milicz
45%
E 20 tys. Świebodzice
45%
Y 12 tys. Brzeg Dolny
27%
K 5 tys. Pieńsk
27%
D 6 tys. Żmigrród
18%
Nie znaleziono quizów pasujących do podanych kryteriów
Rozkład punktacji
Procent ludzi z każdym wynikiem
Percentyl według liczby udzielonych odpowiedzi
Twoja historia wyników
Nie rozwiązałeś tego quizu od ostatniego zresetowania